Noms d'aliments contenus dans des noms de Pokémon - Statistiques

Statistiques générales
  • Ce quiz a été pris 28 fois
  • Le résultat moyen est 15 sur 26
Statistiques - réponses
Indice
Pokémon...
Aliment % Correct
Osse... Lait
95%
...gantua Bar
91%
...ticho Canard
86%
...araque Crabe
86%
Noeun... Œuf
86%
Frous... Sardine
82%
Taupik... Eau
77%
...ffroyable Thé
77%
Beka... Glaçon
73%
Gigan... Sel
73%
...oquin Sucre
73%
Krak... Noix
68%
...dorochi Pomme
68%
...bé Sorbet
64%
Magi... Carpe
59%
...aminus Pêche
59%
...ien Brioche
50%
Col... Homard
45%
Em... Brochet
41%
...af Poulpe
41%
...y Crème
32%
...tt Anchois
27%
Mou... Mouton
27%
...gon Nigiri
18%
...ado Olive
14%
...me Escargot
5%
Aucun quiz correspondant
Distribution des résultats
% des personnes avec chaque résultat
Percentile par nombre de réponses
Votre historique - résultats
Vous n’avez pas pris ce quiz